000 00914nas a2200301 4500
001 BR2016000547
003 BR-BrBNA
005 20231205130131.0
007 ta
008 230509b bl.|||p| |||| 00| 00por d
040 _aBR-BrBNA
_bpor
_cBiblioteca Nacional de Agricultura
041 _a(Pt)
072 _aP31; U40
100 1 _aDemattê, J.A.M.
100 1 _aAraújo, S.R.
100 1 _aFiorio, P.R.
100 1 _aFongaro, C.T.
100 1 _aRafael, M.
245 1 _aEspectroscopia VIS-NIR-SWIR na avaliação de solos ao longo de uma topossequência em Piracicaba (SP)
650 _aSOLO
650 _aMAPA
650 _aSENSORIAMENTO REMOTO
650 _aANÁLISE QUÍMICA
650 _aSÃO PAULO
773 0 _tRevista Ciência Agronômica (Brazil)
_xISSN 0045-6888
_g(Oct-Dec 2015), v. 46(4) p. 679-688
_wBR2016000547
909 _a202311
_bLúcia
_c55
_dLúcia Elande
942 _2AGRIS
_n0
_cANA
999 _c247989
_d247989